书目信息 |
| 题名: |
大学英语
|
|
| 作者: | 虞苏美 , 李慧琴 主编 | |
| 分册: | 第2册 | |
| 出版信息: | 上海 上海外语教育出版社 1997.12 |
|
| 页数: | 110页 | |
| 开本: | 28cm | |
| 丛书名: | ||
| 单 册: | ||
| 中图分类: | H319.9 | |
| 科图分类: | ||
| 主题词: | 英语 | |
| 电子资源: | ||
| ISBN: | 7-81046-195-8 | |
| 000 | 00608nam0 2200217 45 | |
| 001 | 1262337414 | |
| 005 | 20181212110140.57 | |
| 010 | @a7-81046-195-8@dCNY7.70 | |
| 100 | @a20001122d1997 km y0chiy0120 ea | |
| 101 | 0 | @achi |
| 200 | 1 | @a大学英语@Ada xue ying yu@e听力@h第2册@f虞苏美,李慧琴主编@FYu Su Mei,Li Hui Qin Zhu Bian |
| 205 | @a修订本 | |
| 210 | @a上海@c上海外语教育出版社@d1997.12 | |
| 215 | @a110页@d28cm | |
| 517 | 1 | @a听力@Ating li |
| 606 | 0 | @a英语 |
| 690 | @aH319.9@v3 | |
| 701 | 0 | @a虞苏美@4主编 |
| 701 | 0 | @a李慧琴@4主编 |
| 801 | @aCN@c20100607 | |
| 905 | @dH319.9@eY512:2=2@b500929-932@f4 | |
| 大学英语:听力.第2册/虞苏美,李慧琴主编.-修订本.-上海:上海外语教育出版社,1997.12 |
| 110页;28cm |
| ISBN 7-81046-195-8:CNY7.70 |
| ● |
| 相关链接 |
|
|
|
正题名:大学英语
索取号:H319.9/Y512:2=2
 
预约/预借
| 序号 | 登录号 | 条形码 | 馆藏地/架位号 | 状态 | 备注 |
| 1 | 1282048 | 212820483 | 语言库209/209语言库 111排2列5层/ [索取号:H319.9/Y512:2=2] | 在馆 | |
| 2 | 486730 | 204867304 | 语言库209/504自科库 23排2列1层/ [索取号:H319.9/Y512:2=2] | 在馆 | |
| 3 | 489805 | 204898058 | 自科二线504/504自科库 20排1列4层/ [索取号:H319.9/Y512:2=2] | 在馆 | |
| 4 | 489806 | 204898067 | 自科二线504/504自科库 20排1列4层/ [索取号:H319.9/Y512:2=2] | 在馆 |